000 00622nam a2200193 i 4500
001 144781
003 ES-MaACL
005 20251108164915.0
007 t|
008 070214s1916 it r ||||1| ita d
100 1 _aSlataper, Scipio.
_9106766
245 1 0 _aIbsen /
_cScipio Slataper ; con un cenno su Scipio Slataper di Arturo Farinelli.
260 _aTorino :
_bFratelli Bocca,
_c1916 (
_fVincenzo Bona)
300 _aXXV, 331 p. ;
_c20 x 13 cm.
600 1 4 _aIbsen, Henrik,
_d1828-1906
_965031
700 1 _aFarinelli, Arturo,
_d1867-1948
_948861
852 _aES-MaACL
_jF-4073
999 _c144781
_d144781